000 01191nam a2200193Ia 4500
999 _c8095
_d8095
005 20230509110422.0
008 230506s9999 xx 000 0 und d
040 _aUPAN
_cBiblioteca San Vicente
_eRCAA2
041 _aspa
082 _a345.05
_bA775p
100 _aArrieta Gallegos, Manuel
_4aut.
245 0 _aEl proceso penal en primera instancia/
_bDr. Manuel Arrieta Gallegos
250 _a2° ed.
260 _aEl Salvador:
_bJuridica Salvadoreña,
_c1994
300 _a432 p.:
_c25 cm.
505 _aCapitulo preliminar. La funciòn jurisdiccional penal. Capitulo primero. Principios generales del Còdigo Procesal Penal Capitulo segundo. Jurisdicciòn y competencia Capitulo tercero. Sujetos procesales Capitulo cuarto. El proceso : manera de iniciarlo. Capitulo quinto. El derecho a la libertad individual Capitulo sexto. Pruebas del cuerpo del delito y de la delincuencia Capitulo sèptimo. Sistemas de valoraciòn de la prueba Capitulo octavo. Clausura de la instrucciòn Capitulo noveno. El jurado. Bosquejo històrico Capitulo decimo. La sentencia: concepto y clasificaciòn. Forma de la sentencia definitiva
650 _2LEMB
_aProcedimiento penal
942 _cBK
_2ddc